000 01190nam a22003137a 4500
005 20120514101855.0
008 120514t xxu||||| |||| 00| 0 eng d
010 _aENG-105252
020 _a9788124604878
_c780.00
020 _a8124604878
_c780.00
035 _aEN-88785
037 _bDBAD/PUB
040 _aDPL
_bEng
082 _a954
100 _946773
_aSingh, G. P.
245 _aPerspectives on Indian history, historiography, and philosophy of history /
_cby G.P. Singh
246 _aIndian history, historiography, and philosophy of history
260 _aNew Delhi
_bD.K. Printworld
_c2009
270 _a'Srikunj', F-52, Bali Nagar, Ramesh Nagar Metro Station
_bNew Delhi
_e15
300 _axiv, 342 p.
_c23cm(Hb)
500 _aIncludes bibliographical references and index
500 _aCollection of articles previously published.
650 _aHistory
_xPhilosophy.
_947013
651 _aIndia
_xHistory.
_9638
651 _aIndia
_xAntiquities.
_947014
651 _aIndia
_xHistoriography.
_947015
942 _2ddc
_cEN
_h954
_mSIN
999 _c66550
_d66550